Čas realizácie a konkrétnych skutkov (prejav na plenárnom zasadaní ÚV STO)

Bibliographic Details
Main Author: Černušák, Vladimír, 1921-2018 (Author)
Format: Article
Language:Slovak
Subjects:

MARC

LEADER 00000nab a2200000 a 4500
001 vtls009520968
003 SK-MaSNL
005 20260303060753.0
008 090603 1971 xo |00 0 slo
015 |a SNBRB1971  |2 snkbucl 
040 |a SNKBUCL  |b slo  |c SNKBUCL  |e AACR2 
041 0 |a slo 
044 |a xo  |c SK 
080 |a 796.062  |x (437.6)  |2 2001 
080 |a 061.3  |2 2001 
100 1 |a Černušák, Vladimír,  |d 1921-2018  |4 aut  |9 115340 
245 1 0 |a Čas realizácie a konkrétnych skutkov  |b (prejav na plenárnom zasadaní ÚV STO)  |c Vladimír Černušák 
610 2 7 |a Slovenská telovýchovná organizácia.  |b Ústredný výbor  |2 snkbucl  |9 1034275 
648 7 |a 1971  |2 snkbucl  |9 337779 
650 0 7 |a zasadanie  |2 snkbucl  |9 280253 
773 0 |t Tělovýchovný pracovník  |g Roč. 15, č. 20 (1971), s. 185-187 
999 |c 1732839  |d 1734769